Hornogemerská Rejdová privíta účastníkov piateho dňa VDECAV

Bibliographic Details
Main Author: Janšová, Elena (Author)
Corporate Author: Východný dištrikt Evanjelickej cirkvi augsburského vyznania (Prešov, Slovensko) (Author)
Format: Article
Language:Slovak
PhysicalDescription:1 foto
Subjects:

MARC

LEADER 00000nab a2200000 a 4500
001 vtls001007803
003 SK-MaSNL
005 20260303040543.0
008 040720e19990722xo 0 slo
035 |a RV8403 
040 |a RVGKPD  |b slo  |c RVGKPD  |e AACR2 
041 0 |a slo 
044 |a xo  |c SK 
080 |a 284.991  |2 1981 
100 1 |a Janšová, Elena  |4 aut  |9 879181 
245 1 0 |a Hornogemerská Rejdová privíta účastníkov piateho dňa VDECAV 
300 |b 1 foto 
518 |a 25.07.1999 
610 2 7 |a Východný dištrikt evanjelickej cirkvi augsburského vyznania  |2 RVGKPD  |9 1024464 
611 1 7 |a Dištriktuálny deň  |2 RVGKPD  |9 1024693 
650 0 7 |a Evanjelická cirkev a.v   |2 RVGKPD  |9 268741 
651 7 |a Rejdová (Slovensko)  |2 RVGKPD  |9 58492 
655 7 |a periodikum  |2 snkbucl  |9 29553 
710 2 |a Východný dištrikt Evanjelickej cirkvi augsburského vyznania (Prešov, Slovensko)   |4 aut  |9 1024465 
773 0 8 |t Košický denník  |g Roč. 1, č.90, 22.7.1999, s. 1 
852 |a ZVYKNI  |b KIS3GCP 
999 |c 1682521  |d 1684451